🎎 Five Countries Rivers Quiz Stats

 Plays Quiz not verified by Sporcle

Score 0/8 Timer 06:00
0 Plays Today
River % Correct
Nile (with White Nile)
95.3%
Danube
95%
Rhine
86.1%
Mekong
71%
Niger
65.2%
Zambezi
53.7%
Drava
7%
Tisza
4.1%

You're not logged in!

Compare scores with friends on all Sporcle quizzes.
OR
Log In

Show Comments

Extras

Top Quizzes Today


Score Distribution

Your Account Isn't Verified!

In order to create a playlist on Sporcle, you need to verify the email address you used during registration. Go to your Sporcle Settings to finish the process.

Report this User

Report this user for behavior that violates our Community Guidelines.

Details: